header

Reading Derrida and Ricoeur (Record no. 78810)

MARC details
000 -LEADER
fixed length control field 01735nam a2200421Ia 4500
082 04 - DEWEY DECIMAL CLASSIFICATION NUMBER
Classification number 801/.95
100 1# - MAIN ENTRY--AUTHOR NAME
Personal name Pirovolakis, Eftichis,
245 10 - TITLE STATEMENT
Title Reading Derrida and Ricoeur
260 ## - PUBLICATION, DISTRIBUTION, ETC. (IMPRINT)
Place of publication Albany :
Name of publisher State University of New York Press,
Year of publication c2010.
300 ## - PHYSICAL DESCRIPTION
Number of Pages xii, 226 p.
490 1# - SERIES STATEMENT
Series statement SUNY series, insinuations : philosophy, psychoanalysis, literature
650 #0 - SUBJECT ADDED ENTRY--TOPICAL TERM
Topical Term Deconstruction.
Topical Term Phenomenology and literature.
Topical Term Hermeneutics.
Topical Term Literature
Topical Term Criticism
856 40 - ELECTRONIC LOCATION AND ACCESS
Uniform Resource Identifier http://site.ebrary.com/lib/rucke/Doc?id=10574128

No items available.

© 2026 Rongo University
Contact us: librarian | system librarian | Rongo university